How to Draw faces in Simple Steps (Record no. 241561)

MARC details
000 -LEADER
fixed length control field 00310pam a2200133 a 4500
020 ## - INTERNATIONAL STANDARD BOOK NUMBER
Terms of availability
041 ## - LANGUAGE CODE
Language code of original
082 ## - DEWEY DECIMAL CLASSIFICATION NUMBER
Classification number 743
Item number HOD
100 ## - MAIN ENTRY--PERSONAL NAME
Personal name Susie Hodge .
245 ## - TITLE STATEMENT
Title How to Draw faces in Simple Steps
Medium Textual Documents
260 ## - PUBLICATION, DISTRIBUTION, ETC.
Place of publication, distribution, etc. [s.l]:
Name of publisher, distributor, etc. Search Press,
Date of publication, distribution, etc. 2011.
300 ## - PHYSICAL DESCRIPTION
Extent 30:
Other physical details paper.
930 ## - EQUIVALENCE OR CROSS-REFERENCE-UNIFORM TITLE HEADING [LOCAL, CANADA]
Uniform title 7771
Holdings
Withdrawn status Lost status Damaged status Not for loan Collection Home library Current library Date acquired Source of acquisition Cost, normal purchase price Total Checkouts Full call number Barcode Date last seen Copy number Price effective from Koha item type
          College of Fine Arts, Pune College of Fine Arts, Pune 09/02/2017 Bhararti Sahakari Grahak Bhandar 443.61   743 HOD FAP-8435 07/03/2023 1 07/03/2023 Book